• 首页
  • 本馆介绍
  • 公告通知
  • 最新文献
  • 馆藏检索
  • 电子资源
  • 读者导购
  • 参考咨询
  • 我的图书馆
  • 登录
  • 详细信息显示
  • 放入我的书架
  • 预约/预借图书
  • 作者相关作品
  • 分类相关作品
  • 丛书相关作品
  • 出版社相关作品

书目信息

  • 表格格式
  • 工作单格式
  • 卡片格式
题名:
中华人民共和国刑法罪名手册
    
 
作者: 本书编写组
分册:  
出版信息: 北京   法律出版社  1997.12
页数: 163页
开本: 32开
丛书名:
单 册:
中图分类: D924.04
科图分类:
主题词: 罪名--手册--中国
电子资源:
ISBN: 7-5036-2262-8
000 00511nam0 2200193 45
001 0006150990
005 20031219104045.6
010    @a7-5036-2262-8@dCNY6.00
100    @a20000615d1997 km y0chiy0120 ea
101    @achi
105    @a z 000yy
200 1  @a中华人民共和国刑法罪名手册@f本书编写组
210    @a北京@c法律出版社@d1997.12
215    @a163页@d32开
606 0  @a罪名@x手册@y中国
690    @aD924.04@v1
701    @a本书编写组
801    @aCN@bTSTC@c20000615
905    @f3@b289229-231@dD924.04@e162
    
    中华人民共和国刑法罪名手册/本书编写组.-北京:法律出版社,1997.12
    163页;32开
    
    
    ISBN 7-5036-2262-8:CNY6.00
    
●
相关链接 在E读中查询图书 在五车中查询图书 在当当中查询图书 在豆瓣中查询图书


正题名:中华人民共和国刑法罪名手册     索取号:D924.04/162         预约/预借

序号 登录号 条形码 馆藏地/架位号 状态 备注
1 0289229   002892294   第一借阅区/ [索取号:D924.04/162] 在馆    
2 0289230   002892301   第一借阅区/ [索取号:D924.04/162] 在馆    
3 0289231   002892310   第一样本阅览室/ [索取号:D924.04/162] 在馆    
唐山师范学院图书馆 欢迎您!
大连网信软件有限公司© 版权所有